000 00663nam a2200253 a 4500
001 nice12345678
003 IN_TiNIC
005 20260116012448.0
008 050524s1982 dela grp 000 0 eng
020 _a
_c60
082 0 0 _a954.025
_bAHM
100 _aAhmed, Tariq
245 _aReligio-Political Ferment in the North West Frontier During Mughal Period
260 _aDelhi
_bIdara-I-Adabiyat-I-Dilli
_c1982
300 _a129p
500 _aincludes index and biblioraphy
505 2 _aBibliography
650 _aMughal India
650 _aNorth-West India-Mughal
700 1 _aAhmed, Tariq
902 _bSRS
942 _cBK
999 _c7118
_d7118